| 000 | 05072nam0a2200565 4500 | ||
|---|---|---|---|
| 001 | RU\NLR\BIBL_A\011944944 | ||
| 005 | 20250809113136.0 | ||
| 020 |
_aRU _9Ленинград в Великой Отечественной войне. Коллекция. Афиши |
||
| 035 | _a(NLR Aleph) 011944944 | ||
| 090 |
_a65481 _c65481 |
||
| 100 | _a20190222d1944 u y0rusy50 ca | ||
| 101 | 0 | _arus | |
| 102 | _aRU | ||
| 105 | _ay z 000zy | ||
| 135 | _acrcn 024anaba | ||
| 200 | 1 |
_aКонцерт из произведений ленинградских композиторов, май 1944 г., 28, воскресенье _eпри участии: Засл. арт. респ. В.Л. Легкова, артист.: А.С. Лыжина, Л.С. Сегаль, В.И. Шестаковой, И.Б. Лури (виолончель), А.А. Люблинского (ф-но), С.И. Памфилова (скрипка) _e[афиша] _fУправление по делам искусств Исполкома Ленгорсовета, Зал камерных концертов |
|
| 210 |
_a[Ленинград] _cЛТ УН-9 _d1944 |
||
| 215 |
_a1 л. _d40х52 |
||
| 300 | _aНачало спектаклей и концертов в 19 часов. Билеты продаются ежедневно в кассе зала с 11 до 19 час. | ||
| 300 | _aЗак. 1241 | ||
| 325 | _aКопия доступна в Электрон. б-ке РНБ | ||
| 327 | _aI отделение: 1. М. Чулаки "Лирический фрагмент для скрипки, виолончели и ф-но". Исполняют С.И. Памфилов (скрипка), И.Б. Лури (виолончель), А.А. Люблинский (ф-но). 2. М. Матвеев "Два романса из юношеской тетради" (текст Е. Михновского). О. Евлахов "Два романса на текст Гейне. Исполняет Л.С. Сегаль. 3. А. Животов Лирический цикл "Счастье" (текст Наталии Горской). Исполняет засл. арт. респ. В.Л. Легков. II отделение: 1. О. Евлахов "Поэма для скрипки и ф-но". А. Митюшин "Импровизация". Исполняет С.И. Памфилов. 2. Ю. Кочуров "Россия". М. Глух "Нева". Г. Носов "Не пой соловушка". А. Митюшин "Моя песня" (вальс). Исполняет В.И. Шестакова. 3. А. Животов Вокальный цикл "Песни о Ленинграде" (Текст Наталии Горской). Исполняет А.С. Лыжин. Партии ф-но исполняют: А.П. Маслаковец, О.А. Евлахов, А.А. юблинский, М.А. Матвеев | ||
| 606 | 1 |
_aТеатральная жизнь _yЛенинград, город _z1941 - 1944 _jАфиши _2nlr_sh2 _3RU\NLR\AUTH\6601649837 |
|
| 686 | _aЩ333(2Р=Рус)7- 692Ленинград | ||
| 702 | 1 |
_aЛегков _bВ. Л. _cпевец _f1894-1954 _gВалентин Львович _3RU\NLR\AUTH\770201619 _4005 |
|
| 702 | 1 |
_aЛыжин _bА. С. _cпевец _gАркадий Сергеевич _3RU\NLR\AUTH\770202053 _4005 |
|
| 702 | 1 |
_aСегаль _bЛ. С. _cоперная певица _3RU\NLR\AUTH\770201813 _4005 |
|
| 702 | 1 |
_aШестакова _bВ. И. _cпевица, педагог _f1905-1996 _gВера Ивановна _3RU\NLR\AUTH\770202039 _4005 |
|
| 702 | 1 |
_aЛури _bИ. Б. _cмузыкант _3RU\NLR\AUTH\770202068 _4005 |
|
| 702 | 1 |
_aЛюблинский _bА. А. _cмузыкант _gАлександр Александрович _3RU\NLR\AUTH\770202076 _4005 |
|
| 702 | 1 |
_aПамфилов _bС. И. _cскрипач, альтист _gСергей Иванович _3RU\NLR\AUTH\770201832 _4005 |
|
| 711 | 0 | 2 |
_aЗал камерных концертов _cЛенинград _3RU\NLR\AUTH\880495405 |
| 712 | 0 | 2 |
_aЛенинградское городское управление по делам искусств _3RU\NLR\AUTH\889975365 _4570 |
| 852 |
_aNLR _jЛ3-330а/12/3/1944-май б(4) |
||
| 856 | 0 | _uhttp://vivaldi.nlr.ru/la700000163/view | |
| 856 | 1 | _uhttp://vivaldi.nlr.ru/la700000163/cover | |
| 856 | 2 | _uhttp://vivaldi.nlr.ru/la700000163/text | |
| 942 | _cVISUAL | ||
| 945 | _aРоссийская национальная библиотека | ||
| 980 | _aNB | ||
| 980 | _aBV | ||
| 980 | 3 | _akplen | |
| 980 | 3 | _akp | |
| 981 | 3 | 7 |
_a(37) Ленинград в Великой Отечественной войне _b(37) Афиши блокадного Ленинграда |